000 00669cam a2200193 a 4500
020 _a0750606096
022 _a0750606096
082 0 0 _a628.922
_bPUR
_cL-NUST, P-40
100 1 _aPurkiss, J. A.
_91032
245 1 0 _aFire safety engineering design of structures /
_cJohn A. Purkiss.
260 _aOxford ;
_aBoston :
_bButterworth-Heinemann,
_c1996.
300 _axxix, 342 p. :
_bill. ;
_c25 cm.
526 _a0
_b0
_c0
_d628_922000000000000_PUR
650 0 _aBuilding, Fireproof.
_924937
650 0 _aMCE
_9379
856 4 1 _uhttp://www.loc.gov/catdir/toc/els032/96147850.html
856 4 2 _uhttp://www.loc.gov/catdir/description/els032/96147850.html
942 _2ddc
_cBK
999 _c547513
_d547513